000 00632cam a22002173a 4500
001 34184
003 PGUSA
005 20140828083734.0
008 101101s2010||||xxu|||||s|||||000 | eng d
040 _aPGUSA
_beng
042 _adc
100 1 _aSudermann, Hermann,
_d1857-1928
245 1 0 _aMagda :
_bA Play in Four Acts
_h[electronic resource] /
_cHermann Sudermann
260 _bProject Gutenberg,
_c2010
506 _aPublic domain in the USA.
516 _aElectronic text
700 1 _aWinslow, Charles Edward Amory
830 0 _aProject Gutenberg
_v34184
856 4 0 _uhttp://www.gutenberg.org/ebooks/34184
942 _cEB
999 _c263439
_d263439